Nuôi vịt siêu thịt C.V.super M.

Na minha lista:
Detalhes bibliográficos
Autor principal: Lương Tất Nhợ
Formato: Livro
Idioma:Undetermined
Publicado em: Hà nội Nông Nghiệp 1993
Assuntos:
Tags: Adicionar Tag
Sem tags, seja o primeiro a adicionar uma tag!
Thư viện lưu trữ: Trung tâm Học liệu Trường Đại học Cần Thơ
LEADER 00511nam a2200169Ia 4500
001 CTU_14236
008 210402s9999 xx 000 0 und d
082 |a 636.5 
082 |b Nh460 
100 |a Lương Tất Nhợ 
245 0 |a Nuôi vịt siêu thịt C.V.super M. 
245 0 |c Lương Tất Nhợ, Hoàng Văn Tiệu 
260 |a Hà nội 
260 |b Nông Nghiệp 
260 |c 1993 
650 |a poultry - breeding 
980 |a Trung tâm Học liệu Trường Đại học Cần Thơ